|
|
|
|
| LEADER |
00561cam a2200157 7i4500 |
| 001 |
0000019877 |
| 005 |
20071031090000.0 |
| 090 |
0 |
0 |
|a CHIN 338.7
|b DOI
|
| 245 |
0 |
0 |
|a Doing business in Xinjiang Uygur Autonomous Region of China.
|
| 260 |
0 |
0 |
|a Xin jiang:
|b Ministry of Commerce of the People's Republic of China,
|c 2006.
|
| 300 |
# |
# |
|a 89 p.
|
| 650 |
0 |
0 |
|a Business --
|z Xinjiang, China
|
| 650 |
0 |
0 |
|a Doing business --
|z Xinjiang, China
|
| 650 |
0 |
0 |
|a Investments --
|z Xinjiang, China
|
| 651 |
0 |
0 |
|a Republic of China
|
| 999 |
|
|
|a 0000019852
|b Book
|c Countries
|e Business Information Centre
|